Thiết kế hệ thống điện

Saved in:
Bibliographic Details
Main Author: Nguyễn Hoàng Việt
Format: Book
Language:Undetermined
Published: Tp. HCM ĐHQG 2003
Subjects:
Tags: Add Tag
No Tags, Be the first to tag this record!
Institutions: Trung tâm Học liệu Trường Đại học Cần Thơ
LEADER 00613nam a2200193Ia 4500
001 CTU_57053
008 210402s9999 xx 000 0 und d
020 |b 55000 
082 |a 621.3191 
082 |b V308 
100 |a Nguyễn Hoàng Việt 
245 0 |a Thiết kế hệ thống điện 
245 0 |c Nguyễn Hoàng Việt 
260 |a Tp. HCM 
260 |b ĐHQG 
260 |c 2003 
650 |a electric power transmission,electric power distribution,electric power systems 
650 |x equipments and supplies,management 
980 |a Trung tâm Học liệu Trường Đại học Cần Thơ